书目信息 |
| 题名: |
毛泽东教我们学管理
|
|
| 作者: | 张勇 , 刘启明 , 莫志斌 编著 | |
| 分册: | ||
| 出版信息: | 北京 中共党史出版社 2021.01 |
|
| 页数: | 307页 | |
| 开本: | 24cm | |
| 丛书名: | 毛泽东智慧丛书 | |
| 单 册: | ||
| 中图分类: | A841.64 | |
| 科图分类: | ||
| 主题词: | 管理学--guan li xue--研究--中国 | |
| 电子资源: | ||
| ISBN: | 978-7-5098-5094-7 | |
| 000 | 01131nam 2200325 450 | |
| 001 | CAL 0120162051343 | |
| 005 | 20230307155201.58 | |
| 010 | @a978-7-5098-5094-7@dCNY58.00 | |
| 100 | @a20210201d2021 em y0chiy0120 ea | |
| 101 | 0 | @achi |
| 102 | @aCN@b110000 | |
| 105 | @ay a 000yy | |
| 106 | @ar | |
| 200 | 1 | @a毛泽东教我们学管理@Amao ze dong jiao wo men xue guan li@f张勇, 刘启明, 莫志斌编著 |
| 205 | @a第3版 | |
| 210 | @a北京@c中共党史出版社@d2021.01 | |
| 215 | @a307页@d24cm | |
| 225 | 2 | @a毛泽东智慧丛书@Amao ze dong zhi hui cong shu |
| 300 | @a毛泽东的管理艺术 | |
| 320 | @a有书目 (第305-307页) | |
| 330 | @a本书主要内容包括: 管理者的素质、管理中的决策艺术、党内管理的艺术、管理干部的艺术、管理政权的艺术、管理经济的艺术、外交管理的艺术等。 | |
| 410 | 0 | @12001 @a毛泽东智慧丛书 |
| 600 | 0 | @a毛泽东,@Amao ze dong@f1893-1976@x管理学@x研究 |
| 606 | 0 | @a管理学@Aguan li xue@x研究@y中国 |
| 690 | @aA841.64@v5 | |
| 701 | 0 | @a张勇@Azhang yong@4编著 |
| 701 | 0 | @a刘启明@Aliu qi ming@4编著 |
| 701 | 0 | @a莫志斌@Amo zhi bin@4编著 |
| 801 | 0 | @aCN@bBJXHZP@c20230228 |
| 905 | @b1405524-8@dA841.64@e498=3@f5 | |
| 毛泽东教我们学管理/张勇, 刘启明, 莫志斌编著.-第3版.-北京:中共党史出版社,2021.01 |
| 307页;24cm.-(毛泽东智慧丛书) |
| 毛泽东的管理艺术 |
| ISBN 978-7-5098-5094-7:CNY58.00 |
| 本书主要内容包括: 管理者的素质、管理中的决策艺术、党内管理的艺术、管理干部的艺术、管理政权的艺术、管理经济的艺术、外交管理的艺术等。 |
| ● |
| 相关链接 |
|
|
|
|
正题名:毛泽东教我们学管理
索取号:A841.64/498=3
 
预约/预借
| 序号 | 登录号 | 条形码 | 馆藏地/架位号 | 状态 | 备注 |
| 1 | 1405524 | 214055243 | 第一样本阅览室/ [索取号:A841.64/498=3] | 在馆 | |
| 2 | 1405525 | 214055252 | 第一借阅区/ [索取号:A841.64/498=3] | 在馆 | |
| 3 | 1405526 | 214055261 | 第一借阅区/ [索取号:A841.64/498=3] | 在馆 | |
| 4 | 1405527 | 214055270 | 第一借阅区/ [索取号:A841.64/498=3] | 在馆 | |
| 5 | 1405528 | 214055289 | 第一借阅区/ [索取号:A841.64/498=3] | 在馆 |